000 00385nam a2200157Ia 4500
008 160316s1972 xxu||||| |||| 00| 0 eng d
082 _a323.650000
_bFLA-1
100 _aFlathman Richard E
245 _aPolitical obligation
250 _a
260 _aLondon
_bCroom Helm
_c1972
300 _a334p
_b
_c
365 _b
650 _a1. Political Obligation -Theories
700 _a
_a
999 _c34052
_d34052